000 00987cam a22003137a 4500
003 CHAP
005 20220329140442.0
008 971013s1947 r 00010 d
010 _a52182
011 _a53154
035 _a57304
040 _cCHAP
082 _a589.2
_bW65
100 0 0 _aWolf, Frederick A.
_9122427
245 1 4 _aThe fungi
260 _aNew York :
_bWiley,
_c1947
300 _a2 v.
_b: ilus.
590 _aBATCH-UPD
_b10
_c20130110
_lUCH01
_h1839
590 _aBATCH-UPD
_b10
_c20130410
_lUCH01
_h1210
590 _aBATCH-UPD
_b10
_c20130914
_lUCH01
_h1817
590 _aCONVERSION
_b10
_c20130109
_lUCH01
_h1328
650 1 4 _aMicologĂ­a.
_975476
700 0 _aWolf, Frederick T.
_9122428
901 _aBK
942 _cLIBRO
949 _a589.2 W65
_bBC
_cLIBRO
_d33724000362224
_eLIBRO
_fv.1
_h1637
_i57304
_si
949 _a589.2 W65
_bBC
_cLIBRO
_d33724000362232
_eLIBRO
_fv.2
_h1638
_i57304
_si
949 _a589.2 W65
_bBC
_cLIBRO
_d33724000636015
_eLIBRO
_fv.2 c.2
_h1639
_i57304
_si
999 _c52182
_d52182